Formación moral: libro del catequista

Sparad:
Bibliografiska uppgifter
Huvudupphovsman: García Ahumada, Enrique (Författare, medförfattare)
Materialtyp: Bok
Språk:spanska
Publicerad: Santiago ONAC 1981
Serie:Serie Grupos Prejuveniles. Nivel 2. Alianza
Ämnen:
Taggar: Lägg till en tagg
Inga taggar, Lägg till första taggen!

MARC

LEADER 00000nam a2200000 a 4500
001 UCW9631
003 CL-VaPUC
008 890601e19810000CL |||||||||||||||||spa|d
082 0 4 |a 268.6  |b GAR  |2 21 
100 |a García Ahumada, Enrique  |e author  |9 600813 
245 1 0 |a Formación moral: libro del catequista 
300 |a 138 p 
942 |c BK 
945 |d 19890601 00:00:00  |a aalvarez 
260 |a Santiago  |b ONAC  |c 1981 
500 |a Complementario con: Cuaderno del Adolescente 
650 7 |a CATEQUESIS ASPECTOS SOCIALES  |2 CL-VaPUC  |9 314966 
650 0 |a Educación moral  |9 308319 
583 |a last modification  |c 19890601 00:00:00  |k Rodrigo Vera 
490 0 |a Serie Grupos Prejuveniles. Nivel 2. Alianza 
999 |c 221547  |d 221545 
952 |0 0  |1 0  |4 0  |6 268_600000000000000_GAR_1981  |7 0  |8 A  |9 215005  |a BIBTEO  |b BIBTEO  |d 2019-11-15  |i 2835673  |o 268.6 GAR 1981  |p 2835673  |r 2025-01-17  |w 2019-11-15  |y BK  |k ICR 
952 |0 0  |1 0  |4 0  |6 268_600000000000000_GAR_1981  |7 0  |8 A  |9 215006  |a BIBTEO  |b BIBTEO  |d 2019-11-15  |i 2101637  |o 268.6 GAR 1981  |p 2101637  |r 2025-01-17  |w 2019-11-15  |y BK  |k ICR